LIBRARY & INFORMATION CENTRE, KCAET, TAVANUR

ONLINE PUBLIC ACCESS CATALOGUE (OPAC)

Heavy metals in the environment / (Record no. 11287)

MARC details
000 -LEADER
fixed length control field 00522cam a2200205ua 4500
020 ## - INTERNATIONAL STANDARD BOOK NUMBER
ISBN 81-7099-657-0
041 ## - LANGUAGE CODE
Language code of text/sound track or separate title eng
082 ## - DEWEY DECIMAL CLASSIFICATION NUMBER
Classification number 628.440 42
Item number ABB/HE
100 ## - MAIN ENTRY--AUTHOR NAME
Personal name Abbasi, S A .
245 ## - TITLE STATEMENT
Title Heavy metals in the environment /
250 ## - EDITION STATEMENT
Edition statement 1 /
260 ## - PUBLICATION, DISTRIBUTION, ETC. (IMPRINT)
Place of publication New Delhi :
Name of publisher Mittal Publications ,
Year of publication 1998.
300 ## - PHYSICAL DESCRIPTION
Number of Pages 314 ; .
700 1# - ADDED ENTRY--PERSONAL NAME
Personal name Abbasi, N .
700 1# - ADDED ENTRY--PERSONAL NAME
Personal name Soni, R .
942 ## - ADDED ENTRY ELEMENTS (KOHA)
Koha item type Books
Holdings
Withdrawn status Lost status Damaged status Home library Current library Date acquired Full call number Accession Number Koha item type
      KAUAET KAUAET 07/04/2012 628.440 42 20798 Books
free website counter